000 01116nam a2200205Ia 4500
999 _c6715
_d6715
020 _a0074710427
050 _aQA276.12
_b.C76
100 1 _aCroucher, John S.
245 1 0 _aIntroductory mathematics & statistics for business /
_cJohn S. Croucher.
250 _aFourth edition.
260 _aRoseville, N.S.W.
_bMcGraw-Hill
_c ©2002.
300 _a1 volume (various pagings) :
_billustrations ;
_c24 cm.
500 _aIncludes index.
505 _aMathematicsM1. Basic MathematicsM2. PercentagesM3. AlgebraM4. Ratios and ProportionsM5. Simple InterestM6. Compound InterestM7. AnnuitiesM8. DepreciationM9. GraphingStatisticsS1. Introduction to StatisticsS2. Visual Presentation of DataS3. Measures of Central TendencyS4. Measures of DispersionS5. SamplingS6. Elementary ProbabilityS7. The Normal DistributionS8. CorrelationS9. Regression AnalysisS10. Index NumbersS11. Time Series and Trend AnalysisS12. Hypothesis TestingS13. Analysis of Frequency Data
650 0 _aBusiness mathematics.
650 0 _aBusiness mathematics
650 0 _aCommercial statistics.
650 0 _aCommercial statistics
942 _cBK